All Airlines That Fly Into New Zealand 2024 - Statistics

General Stats
  • This quiz has been taken 65 times
  • The average score is 18 of 34
Answer Stats
Hubs Answer % Correct
Auckland Airport, Wellington Airport, Christchurch Airport Air New Zealand
91%
Dubai Airport Emirates
89%
Sydney Airport, Melbourne Airport, Brisbane Airport, Perth Airport, Cairns Airport, Singapore Airport, Adelaide Airport Qantas
89%
Beijing Airport Air China
83%
Changi Airport Singapore Airlines
83%
Dallas/Fort Worth Airport American Airlines
80%
Melbourne Airport, Sydney Airport, Cairns Airport, Gold Coast Airport, Auckland Airport Jetstar
78%
Hong Kong Airport Cathay Pacific
72%
Nadi Airport, Suva Airport Fiji Airways
72%
Incheon Airport, Gimpo Airport Korean Air
70%
Hamad/Doha Airport Qatar Airways
70%
Newark Airport United Airlines
70%
Vancouver Airport, Toronto Airport, Calgary Airport, Montreal Airport Air Canada
67%
Kuala Lumpur Airport, Penang Airport, Kota Kinabalu Airport, Kuching Airport Malaysia Airlines
67%
New York JFK Airport Delta Airlines
65%
Shanghai Airport, Hangzhou Airport China Eastern Airlines
54%
Honolulu Airport, Kahului Airport Hawaiian Airlines
54%
Sydney Airport, Brisbane Airport, Melbourne Airport, Perth Airport, Adelaide Airport Virgin Australia
54%
Guangzhou Airport China Southern Airlines
52%
Papeete Airport Air Tahiti Nui
48%
Kaohsiung Airport, Taipei Airport China Airlines
48%
Santiago Airport LATAM Chile
46%
Port Vila Airport Air Vanuatu
43%
Beijing Airport, Haikou Airport, Shenzhen Airport Hainan Airlines
41%
La Tontouta International Airport Aircalin
30%
Inia William Tuuta Memorial Airport Air Chathams
26%
Kuala Lumpur Airport, Kota Kinabalu Airport Batik Air
26%
Wellington Airport Sounds Air
22%
Chengdu Airport, Chongqing Airport Sichuan Airlines
20%
Rarotonga International Airport Air Rarotonga
17%
Auckland Airport, Claris Airport Barrier Air
17%
Nelson Airport Originair
11%
Takaka Airport Golden Bay Airlines
9%
Invercargill Airport Stewart Island Flights
7%
No matching quizzes found
Score Distribution
Percent of People with Each Score
Percentile by Number Answered
Your Score History
You have not taken this quiz